Outlines of paint technology /

Guardado en:
Autor Principal: Heaton, Noël.
Formato: Libro
Idioma:English
Publicado: London : Griffin, 1947.
Edición:3. ed.
Etiquetas: Agregar Etiqueta
Sin Etiquetas, Sea el primero en etiquetar este registro!
LEADER 00450nam a22001575a 4500
001 EUN.um037515
003 AR-BaUNS
005 20050623122909.0
008 041125s1947####xxka##########000#0#eng#d
245 1 0 |a Outlines of paint technology /  |c Noël Heaton. 
260 |a London :  |b Griffin,  |c 1947. 
300 |a 448 p. :  |b ilus. ;  |c 22,5 cm. 
100 1 |a Heaton, Noël. 
082 0 4 |a 667.6 
250 |a 3. ed. 
859 |a Ar-BaUNS  |b BIB. CENTRAL - Sector C  |h 667.6  |i H352  |p 692/949